=LDR 00000nam 2200000 4500 =001 INLIS000000000002593 =005 20130612090922 =008 ***********************************Ind** =035 ##$$0010-061300000002593 =041 ##$$a Ind =082 ##$$a 616.852 7 =090 ##$$a 616.852 7, Mah p =100 ##$$a Mahfud An =245 ##$$a Petunjuk mengatasi stres, Mahfud An =260 ##$$a 1999 $b Bandung =300 ##$$a viii,139 hlm, 21 cm =650 ##$$a tres =850 ##$$a NBPNMAT =990 ##$$a 0001/BPAP-NTB/2016 =990 ##$$a 0001/BPAP-NTB/2016 =990 ##$$a 0001/BPAP-NTB/2016 =990 ##$$a 0001/BPAP-NTB/2016